Statystyki dla 10 największych miast Grenlandii

Kliknij tutaj aby rozwiązać quiz!

Ogólne statystyki

  • Ten quiz został rozwiązany 33 razy
  • Średni wynik to 2 z 10

Statystyki odpowiedzi

#PopulacjaOdpowiedź% Poprawnych
116,500Nuuk
96%
25,600Sisimiut
24%
34,500Ilulissat
20%
43,200Qaqortoq
20%
91,500Narsaq
16%
81,510Paamiut
16%
72,000Tasiilaq
16%
53,100Aasiaat
12%
101,300Nanortalik
12%
62,700Maniitsoq
8%

Rozkład punktacji

Percentyl według liczby udzielonych odpowiedzi

Procent ludzi z każdym wynikiem

Twoja historia wyników

Nie rozwiązałeś tego quizu